000
00290nam a2200109 a 4500
005
20140414093832.0
008
970109s19uu xx 00 eng d
050
_a
VHS 700
_b
OR 19
245
_a
Music Magic Video Library :
_b
Performing in Groups in Groups.
942
_c
AVM
999
_c
108813
_d
108813